Evaluation of guidelines for exposures to technologically enhanced naturally occurring radioactive materials (Record no. 172112)
[ view plain ]
| 000 -LEADER | |
|---|---|
| fixed length control field | 01474nam a2200313 a 4500 |
| 082 04 - DEWEY DECIMAL CLASSIFICATION NUMBER | |
| Classification number | 612/.01448 |
| 245 00 - TITLE STATEMENT | |
| Title | Evaluation of guidelines for exposures to technologically enhanced naturally occurring radioactive materials |
| 260 ## - PUBLICATION, DISTRIBUTION, ETC. (IMPRINT) | |
| Place of publication | Washington, DC : |
| Name of publisher | National Academy Press, |
| Year of publication | 1999. |
| 300 ## - PHYSICAL DESCRIPTION | |
| Number of Pages | xii, 281 p. : |
| Other physical details | ill. |
| 650 #0 - SUBJECT ADDED ENTRY--TOPICAL TERM | |
| Topical Term | Radiation |
| Topical Term | Low-level radiation |
| Topical Term | Radiation, Background |
| Topical Term | Radioactive pollution |
| 856 40 - ELECTRONIC LOCATION AND ACCESS | |
| Uniform Resource Identifier | http://site.ebrary.com/lib/rucke/Doc?id=10056954 |
No items available.
